000
00515nam a2200169Ia 4500
008
090711s9999 xx 000 0 und d
082
_b
64467
100
_a
ओशो रजनीश
245
_a
गीतादर्शन अध्याय 3
260
_c
1974
300
_a
317
600
_a
ओशो रजनीश
630
_a
गीतादर्शन अध्याय 3
700
_a
ओशो रजनीश
730
_a
गीतादर्शन अध्याय 3
942
_c
BOOK
999
_c
285692
_d
285692